000 00710nam a2200217 a 4500
001 BRL_1869
005 20190320211415.0
008 110815s1980----au-o######---#000-0#eng-#
041 _aeng
044 _aau
050 4 _aTT1
_b.W67 1980
110 2 _aWorld Crafts Council
_bGeneral Assembly
_928084
245 1 0 _areport
_cWorld Crafts Council 9th General Asembly and International Conference, Vienna, Austria, July 25- August 2, 1980.
260 _a[Vienna
_bCrafs Tomorrow
_c1980]
300 _a109 p.
_bil.
_c21 cm.
500 _aej.1 Au1262, ej.2 Au1263, ej.3 Au1268, ej.4 Au1269
650 1 4 _aArtesanĂ­as
_vCongresos
_928085
650 1 4 _aArtesanos
_vCongresos
_928086
902 _aGRL
942 _2lcc
_cB
999 _c10677
_d10677